[Event "MCR mladeze, Kouty 2018 - D16"]
[Site "Kouty nad Desnou"]
[Date "2018.03.13"]
[Round "5"]
[White "Beranova, Karin"]
[Black "Kalousova, Julie"]
[Result "1/2-1/2"]
[WhiteElo "1453"]
[BlackElo "1436"]
[EventDate "2018.03.10"]

1. e4  e6  2. d4  d5
3. Nc3  a6  4. Bd3
Nc6  5. Nf3  Bb4
6. O-O  Nge7  7. Ne2
O-O  8. c3  Ba5
9. b4  Bb6  10. a4  Bd7
11. c4  dxc4  12. Bxc4
Nxb4  13. Qb3  a5
14. d5  exd5  15. exd5
Bg4  16. Bg5  h6
17. Bh4  Qd6  18. Bg3
Qf6  19. Ne5  Bf5
20. d6  cxd6  21. Nxf7
d5  22. Ne5  dxc4
23. Qxc4+  Kh7  24. Rae1
Rac8  25. Qb3  Nec6
26. Nc4  Nd4  27. Nxd4 Qxd4
28. Nxb6  Qxb6  29. Re7
Qc6  30. Be5  Rg8
1/2-1/2

[Event "MCR mladeze, Kouty 2018 - D16"]
[Site "Kouty nad Desnou"]
[Date "2018.03.13"]
[Round "5"]
[White "Kralova, Gabriela"]
[Black "Otahalova, Nela"]
[Result "0-1"]
[WhiteElo "1362"]
[BlackElo "1214"]
[EventDate "2018.03.10"]

1. d4  d5  2. Nf3  e6
3. Bf4  c5  4. e3
Nf6  5. c4  Nc6
6. Nc3  a6  7. Be2  dxc4
8. Bxc4  b5  9. Bb3
Bb7  10. a3  Be7
11. Qd2  O-O  12. O-O
Na5  13. Ba2  Bxf3
14. gxf3  Nh5  15. Bg3
c4  16. Rad1  Nb7
17. Bb1  Nd6  18. e4
f5  19. Bxd6  Bxd6
20. e5  Be7  21. Ne2
Bg5  22. Qc2  Bf4
23. Ng3  Qh4  24. Kg2
Bh6  25. Rg1  Nf4+
26. Kh1  Nd3  27. Rg2
Qxd4  28. Qe2  Rad8
29. Bxd3  cxd3  30. Qf1
d2 0-1

[Event "MCR mladeze, Kouty 2018 - D16"]
[Site "Kouty nad Desnou"]
[Date "2018.03.13"]
[Round "5"]
[White "Bartosova, Hana"]
[Black "Lorencova, Michaela"]
[Result "1-0"]
[WhiteElo "1627"]
[BlackElo "1463"]
[EventDate "2018.03.10"]

1. e4  e5  2. Nf3  Nf6
3. Nxe5  d6  4. Nf3
Nxe4  5. Nc3  Nxc3
6. dxc3  Bg4  7. Bf4
Be7  8. Bd3  Nc6
9. h3  Bh5  10. Be4
Qd7  11. Qd5  Bxf3
12. Bxf3  Qe6+  13. Kd2
Qxd5+  14. Bxd5  O-O
15. Rhe1  Rfe8  16. Re4
Rab8  17. Rae1  Kf8
18. Kd3  Bf6  19. Rxe8+
Rxe8  20. Rxe8+  Kxe8
21. Bxc6+  bxc6  22. Kc4
Kd7  23. Be3  a6
24. Kb4  Kc8  25. Ka5
Kb7  26. Bd4  Bxd4
27. cxd4  f6  28. g4
g5  29. f3  h6
30. a3  Ka7  31. Kb4  Kb6
32. Kc3  d5  33. b4
Kb5  34. Kb3  a5
35. bxa5  Kxa5  36. a4
Ka6  37. Kb4  Kb6
38. a5+  Ka6  39. c3
Kb7  40. Kc5  Ka6
41. Kxc6  Kxa5  42. Kxd5
Kb5  43. c4+  Kb6
44. Ke6  1-0

[Event "MCR mladeze, Kouty 2018 - D16"]
[Site "Kouty nad Desnou"]
[Date "2018.03.13"]
[Round "5"]
[White "Postranecka, Zuzana"]
[Black "Janosova, Katerina Anna"]
[Result "1-0"]
[WhiteElo "1463"]
[BlackElo "1295"]
[EventDate "2018.03.10"]

1. e4  e5  2. d4  exd4
3. Nf3  Nc6  4. Nxd4
d5  5. Nxc6  bxc6
6. exd5  cxd5  7. Bb5+
Bd7  8. Qxd5  Nf6
9. Bxd7+  Nxd7  10. O-O
Be7  11. Nc3  O-O
12. Bf4  Nf6  13. Qxd8
Bxd8  14. Rad1  Rb8
15. b3  Rb7  16. Rfe1
c6  17. Re3  Bb6
18. Re2  h6  19. h3
Ba5  20. Na4  Nd5
21. Bd2  Bd8  22. c4
Nf6  23. Nc5  Re7
24. Rde1  Rfe8  25. Rxe7
Bxe7  26. Ne4  Nd7
27. Nd6  1-0

[Event "MCR mladeze, Kouty 2018 - D16"]
[Site "Kouty nad Desnou"]
[Date "2018.03.13"]
[Round "5"]
[White "Holaskova, Veronika"]
[Black "Jankovska, Hana"]
[Result "0-1"]
[WhiteElo "1381"]
[BlackElo "1069"]
[EventDate "2018.03.10"]

1. e4  e6  2. d4  d5
3. e5  Nc6  4. c3
Nce7  5. Nf3  Nh6
6. Bd3  Ng6  7. O-O
c5  8. a3  f6
9. Qc2  Nf5  10. Re1  Be7
11. exf6  gxf6  12. Bxf5
exf5  13. Bh6  Qd6
14. dxc5  Qc6  15. b4
a6  16. Nd4  Qd7
17. c4  Rg8  18. Qe2
Ne5  19. Nc3  dxc4
20. Rad1  Qc7  21. Nd5
Qd8  22. Bf4  Qxd5
23. Nxf5  Qxg2# 0-1

[Event "MCR mladeze, Kouty 2018 - D16"]
[Site "Kouty nad Desnou"]
[Date "2018.03.13"]
[Round "5"]
[White "Houdkova, Barbora"]
[Black "Vanharova, Lucie"]
[Result "1/2-1/2"]
[WhiteElo "1173"]
[BlackElo "1169"]
[EventDate "2018.03.10"]

1. e4  e5  2. Nf3  Nc6
3. Bb5  Nf6  4. d3
Bc5  5. O-O  d6
6. Bg5  O-O  7. Nbd2  a6
8. Bxc6  bxc6  9. a3
h6  10. Bh4  Bg4
11. b4  1/2-1/2

[Event "MCR mladeze, Kouty 2018 - D16"]
[Site "Kouty nad Desnou"]
[Date "2018.03.13"]
[Round "5"]
[White "Bohunovska, Tereza"]
[Black "Landsmannova, Marie Magdal"]
[Result "1/2-1/2"]
[WhiteElo "1087"]
[BlackElo "1142"]
[EventDate "2018.03.10"]

1. d4  Nf6  2. f4  e6
3. Nf3  b6  4. e3
Bb7  5. Be2  Be7
6. O-O  O-O  7. c3
d5  8. Nbd2  c5
9. Ne5  Nbd7  10. Ndf3  Ne4
11. Qc2  c4  12. Nd2
Nd6  13. b3  b5
14. bxc4  bxc4  15. Rb1  Rb8
16. Ba3  Nf5  17. Qa4
Nxe5  18. fxe5  Bxa3
19. Qxa3  Nxe3  20. Rf3
Nf5  21. Qxa7  Bc6
22. Rxb8  Qxb8  23. Qxb8
Rxb8  24. g4  Ne7
25. Rf1  g6  26. Nf3
Rb2  27. Bd1  Be8
28. Rf2  Rb1  29. Rf1
Ra1  30. a4  Bxa4
31. Bxa4  Rxa4  32. Ng5
Ra8  33. Rxf7  Nc6
34. Kf2  h6  35. Rc7
hxg5  36. Rxc6  Re8 1/2-1/2

[Event "MCR mladeze, Kouty 2018 - D16"]
[Site "Kouty nad Desnou"]
[Date "2018.03.14"]
[Round "6"]
[White "Gresova, Zuzana"]
[Black "Nemcova, Karin"]
[Result "1-0"]
[WhiteElo "1872"]
[BlackElo "1997"]
[EventDate "2018.03.10"]

1. c4  Nf6  2. Nc3  e6
3. d4  Bb4  4. Qc2
d5  5. cxd5  exd5
6. Bg5  h6  7. Bh4
c6  8. e3  Be7
9. Bd3  Nh5  10. Bxe7  Qxe7
11. Nge2  Nd7  12. Rb1
a5  13. a3  O-O
14. O-O  Re8  15. b4  axb4
16. axb4  b5  17. e4
dxe4  18. Bxe4  Ra6
19. Bd3  Bb7  20. d5
cxd5  21. Nd4  Nf4
22. g3  Nxd3  23. Qxd3
Rb6  24. Rfd1  Nf6
25. f3  Qd7  26. Qd2
Bc6  27. Ra1  Rbb8
28. Ra6  Ba8  29. Rda1
Rec8  30. Ncxb5  Rd8
31. Ra7  Bb7  32. Nc3
Ra8  33. b5  Qc7
34. Kg2  Qb6  35. Rxa8
Rxa8  36. Rxa8+  Bxa8
37. Na4  Qb8  38. Qa5
Ne8  39. Nc5  Nd6
40. Qa6  Nc4  41. Nd7
Qb7  42. Qxb7  Bxb7
43. Nc6  Nd6  44. Ne7+
Kh8  45. Nc5  d4
46. Nxb7  Nxb7  47. Kf2
g6  48. Nc6  Kg7
49. Ke2  Kf6  50. Kd3
Ke6  51. Kxd4  Kd6
52. Ne5  Nd8  53. Nc4+
Kc7  54. Kd5  Ne6
55. f4  h5  56. b6+
Kb7  57. Nd6+  Kxb6
58. Nxf7  Nf8  59. Kd6
Nh7  60. Ke7  1-0

[Event "MCR mladeze, Kouty 2018 - D16"]
[Site "Kouty nad Desnou"]
[Date "2018.03.14"]
[Round "6"]
[White "Vilimova, Julie"]
[Black "Laurincova, Kristyna"]
[Result "0-1"]
[WhiteElo "1751"]
[BlackElo "1825"]
[EventDate "2018.03.10"]

1. e4  c5  2. c4  Nc6
3. Nc3  g6  4. g3
Bg7  5. Bg2  a6
6. d3  Rb8  7. Nge2  b5
8. O-O  e6  9. f4
Nge7  10. g4  f5
11. gxf5  exf5  12. b3
b4  13. e5  bxc3
14. d4  cxd4  15. Nxd4
O-O  16. Ba3  Qb6
17. Kh1  Nb4  18. Bc1
Bb7  19. Be3  Bxg2+
20. Kxg2  Qb7+  21. Kg1
Qe4  0-1

[Event "MCR mladeze, Kouty 2018 - D16"]
[Site "Kouty nad Desnou"]
[Date "2018.03.14"]
[Round "6"]
[White "Urbanova, Daniela"]
[Black "Rosenbaumova, Lea"]
[Result "1-0"]
[WhiteElo "1668"]
[BlackElo "1692"]
[EventDate "2018.03.10"]

1. e4  e6  2. d4  d5
3. Nd2  Nf6  4. e5
Nfd7  5. Bd3  c5
6. c3  Nc6  7. Ne2
cxd4  8. cxd4  Be7
9. Nf3  O-O  10. O-O
f6  11. Nf4  Nb6
12. exf6  Bxf6  13. Qc2
Nxd4  14. Nxd4  Bxd4
15. Bxh7+  Kf7  16. Be3
Qf6  17. Qd1  e5
18. Qh5+  Ke7  19. Nxd5+
1-0

[Event "MCR mladeze, Kouty 2018 - D16"]
[Site "Kouty nad Desnou"]
[Date "2018.03.14"]
[Round "6"]
[White "Koubova, Anna Marie"]
[Black "Otahalova, Nela"]
[Result "1-0"]
[WhiteElo "1943"]
[BlackElo "1214"]
[EventDate "2018.03.10"]

1. d4  d5  2. c4  e6
3. Nf3  Nf6  4. g3
c5  5. Bg2  Nc6
6. O-O  g6  7. dxc5  dxc4
8. Qa4  Qa5  9. Qxc4
Qxc5  10. Qxc5  Bxc5
11. Bh6  Bf8  12. Bxf8
Kxf8  13. Nc3  a6
14. Nd2  Bd7  15. Nc4
Rc8  16. Nb6  Rc7
17. Rac1  Nd4  18. Rcd1
Nb5  19. Ne4  Nd5
20. Nxd5  exd5  21. Nf6
Bc6  22. Nxd5  Bxd5
23. Bxd5  Ke7  24. Rd2
Rd7  25. Rfd1  Rhd8
26. Rd3  b6  27. Bc4
Rxd3  28. Rxd3  Rxd3
29. Bxd3  Kd6  30. Bxb5
axb5  31. Kg2  Ke5
32. Kf3  Kd5  33. Kf4
h6  34. h4  Ke6
35. Ke4  Kd6  36. h5  f5+
37. Kf4  1-0

[Event "MCR mladeze, Kouty 2018 - D16"]
[Site "Kouty nad Desnou"]
[Date "2018.03.14"]
[Round "6"]
[White "Markova, Kristyna"]
[Black "Bartosova, Hana"]
[Result "1/2-1/2"]
[WhiteElo "1633"]
[BlackElo "1627"]
[EventDate "2018.03.10"]

1. e4  e6  2. d4  d5
3. Bd3  c5  4. exd5
exd5  5. Nf3  Nc6
6. Be3  c4  7. Be2
Bd6  8. b3  cxb3
9. axb3  Bf5  10. c3
Nf6  11. O-O  O-O
12. Bd3  Bxd3  13. Qxd3
Qb6  14. c4  Nb4
15. Qf5  Qd8  16. c5
Bc7  17. Bd2  Nc6
18. Bg5  Qd7  19. Qxd7
Nxd7  20. Nc3  Bd8
21. Bxd8  Rfxd8  22. Rfe1
b6  23. cxb6  Nxb6
24. Nb5  a5  25. Ne5
Nxe5  26. Rxe5  a4
27. bxa4  Rxa4  28. Rxa4
Nxa4  29. g3  1/2-1/2

[Event "MCR mladeze, Kouty 2018 - D16"]
[Site "Kouty nad Desnou"]
[Date "2018.03.14"]
[Round "6"]
[White "Beranova, Karin"]
[Black "Richterova, Julie"]
[Result "0-1"]
[WhiteElo "1453"]
[BlackElo "1877"]
[EventDate "2018.03.10"]

1. e4  c6  2. d4  d5
3. exd5  cxd5  4. Bb5+
Nc6  5. Nf3  Bg4
6. Qd3  Bxf3  7. Qxf3
Qa5+  8. Nc3  e6
9. O-O  Nf6  10. Bg5
Be7  11. Qg3  Qb6
12. Rad1  O-O-O  13. Bxc6
Qxc6  14. Bxf6  Bxf6
15. a4  a6  16. b3
h5  17. h3  Rdg8
18. f4  Qc7  19. Ne2
Qe7  20. c4  dxc4
21. Rc1  Qd6  22. Rxc4+
Kb8  23. Qf3  Rc8
24. Rfc1  Rxc4  25. Rxc4
g6  26. Qc3  Rd8
27. Kf1  Bg7  28. Kf2
Bf8  29. b4  Qd7
30. a5  Qb5  31. Ke1
Bd6  32. g3  Qd5
33. Kf2  h4  34. g4
Qe4  35. g5  Qf5
36. Qe3  Be7  37. Qe5+
Qxe5  38. fxe5  Bxg5
39. Rc3  Be7  40. Rb3
Rc8  41. Rb2  Rc4
42. Ke3  Rxb4  43. Rxb4
Bxb4  44. Nf4  Bxa5
45. d5  exd5  46. Nxd5
b5  47. Kf4  b4
48. Ne3  b3  49. Nd1  Bd2+
50. Ke4  Bc1  51. Kd3
a5  52. Kc3  a4
53. Kb4  b2  54. Nc3  Bd2
55. Ka3  Bxc3  56. Ka2
g5  57. Kb1  g4
58. hxg4  h3  59. Ka2  h2
60. Ka3  b1=Q  61. e6
Qb3#  0-1

[Event "MCR mladeze, Kouty 2018 - D16"]
[Site "Kouty nad Desnou"]
[Date "2018.03.14"]
[Round "6"]
[White "Otrubova, Kristyna"]
[Black "Jankovska, Hana"]
[Result "1/2-1/2"]
[WhiteElo "1781"]
[BlackElo "1069"]
[EventDate "2018.03.10"]

1. d4  f5  2. e4  fxe4
3. Nc3  Nf6  4. Bg5
g6  5. Bxf6  exf6
6. Qd2  d5  7. f3
f5  8. O-O-O  c6
9. Re1  Be7  10. Qf2
Bg5+  11. f4  Be7
12. Be2  h6  13. g3
Nd7  14. Nd1  Nb6
15. h3  Be6  16. Rf1
Qd6  17. g4  O-O-O
18. gxf5  Bxf5  19. Bg4
Kb8  20. Bxf5  gxf5
21. Ne2  Nc4  22. Ng3
Rhf8  23. Rhg1  Rc8
24. Kb1  1/2-1/2

[Event "MCR mladeze, Kouty 2018 - D16"]
[Site "Kouty nad Desnou"]
[Date "2018.03.14"]
[Round "6"]
[White "Kalousova, Julie"]
[Black "Postranecka, Zuzana"]
[Result "0-1"]
[WhiteElo "1436"]
[BlackElo "1463"]
[EventDate "2018.03.10"]

1. d4  Nf6  2. c4  e6
3. Nc3  Bb4  4. Qc2
b6  5. e3  Bb7
6. Bd2  Bxc3  7. Bxc3  Ne4
8. O-O-O  O-O  9. f3
Nxc3  10. Qxc3  d5
11. Nh3  Qe7  12. Kb1
Nd7  13. cxd5  exd5
14. Qxc7  Bc8  15. Qc3
Nf6  16. Nf2  Bf5+
17. Ka1  Rfc8  18. Qe1
Rc2  19. Bd3  Bxd3
20. Rxd3  Rac8  21. Rd1
Qd7  22. g4  Qa4
23. Nd3  Ne8  24. Qb4
Qxb4  25. Nxb4  Rf2
26. f4  Nf6  27. g5
Ng4  28. Nxd5  Rcc2
29. Rc1  Rxh2  30. Kb1
Rxb2+  0-1

[Event "MCR mladeze, Kouty 2018 - D16"]
[Site "Kouty nad Desnou"]
[Date "2018.03.14"]
[Round "6"]
[White "Houdkova, Barbora"]
[Black "Kralova, Gabriela"]
[Result "1-0"]
[WhiteElo "1173"]
[BlackElo "1362"]
[EventDate "2018.03.10"]

1. e4  e5  2. Nf3  Nc6
3. Bc4  Nf6  4. Nc3
Bc5  5. d3  h6
6. Be3  Bb6  7. h3  O-O
8. g4  Nh7  9. h4
d6  10. g5  Bxe3
11. fxe3  hxg5  12. hxg5
Nxg5  13. Nxg5  Qxg5
14. Nd5  Qg2  15. Qh5
Qg3+  16. Kd2 1-0

[Event "MCR mladeze, Kouty 2018 - D16"]
[Site "Kouty nad Desnou"]
[Date "2018.03.14"]
[Round "6"]
[White "Lorencova, Michaela"]
[Black "Bohunovska, Tereza"]
[Result "1-0"]
[WhiteElo "1463"]
[BlackElo "1087"]
[EventDate "2018.03.10"]

1. e4  e5  2. Nf3  Nc6
3. Bc4  Bc5  4. c3
d6  5. d4  exd4
6. cxd4  Bb4+  7. Bd2  Bxd2+
8. Nbxd2  Nge7  9. d5
Ne5  10. Nxe5  dxe5
11. O-O  c6  12. dxc6
Nxc6  13. Qf3  O-O
14. Rad1  Qg5  15. h3
Nd4  16. Qd3  Be6
17. Bxe6  Nxe6  18. Nf3
Rad8  19. Nxg5  Rxd3
20. Rxd3  Nxg5  21. f3
g6  22. Rd5  Re8
23. Rfd1  Ne6  24. Rxe5
1-0

[Event "MCR mladeze, Kouty 2018 - D16"]
[Site "Kouty nad Desnou"]
[Date "2018.03.14"]
[Round "6"]
[White "Landsmannova, Marie Magdal"]
[Black "Janosova, Katerina Anna"]
[Result "0-1"]
[WhiteElo "1142"]
[BlackElo "1295"]
[EventDate "2018.03.10"]

1. e4  d6  2. Nc3  Nf6
3. d4  Nbd7  4. Nf3
e5  5. Bc4  Be7
6. Be3  c6  7. dxe5  dxe5
8. Qd2  b5  9. Bd3
a5  10. Ne2  Ba6
11. a4  b4  12. b3
h6  13. c3  c5
14. Bxa6  Rxa6  15. Qd3  Rd6
16. Qc2  Ng4  17. O-O
O-O  18. h3  Nxe3
19. fxe3  Bg5  20. Nxg5
Qxg5  21. Rf3  Qe7
22. cxb4  cxb4  23. Qc7
Rd2  24. Re1  Qc5
25. Qxc5  Nxc5  26. Nc1
Nxe4  27. Re2  Rc8
28. Re1  Rcc2  29. Ne2
Rxe2  30. Rxe2  Rxe2
31. g4  f6  32. Kf1
Rb2  0-1

[Event "MCR mladeze, Kouty 2018 - D16"]
[Site "Kouty nad Desnou"]
[Date "2018.03.14"]
[Round "6"]
[White "Vanharova, Lucie"]
[Black "Holaskova, Veronika"]
[Result "0-1"]
[WhiteElo "1169"]
[BlackElo "1381"]
[EventDate "2018.03.10"]

1. e4  e5  2. Nf3  Nc6
3. Bb5  a6  4. Bxc6
dxc6  5. Nxe5  Qd4
6. Nf3  Qxe4+  7. Qe2
Qxe2+  8. Kxe2  Bg4
9. Re1  O-O-O  10. d3
Nf6  11. Bg5  Be7
12. Nbd2  Rhe8  13. Kf1
h6  14. Bf4  Nd5
15. g3  Nb4  16. Rec1
Bc5  17. a3  Nd5
18. b4  Ba7  19. Re1
f6  20. Kg2  g5
21. h3  Bxf3+  22. Nxf3  gxf4
23. gxf4  Nxf4+  24. Kg3
Ne2+  25. Kg2  Nd4
26. Rac1  Rg8+  27. Kh1
Nxf3  28. Rf1  Rg5
29. Rcd1  Rdg8  30. d4
Bxd4  31. a4  Bxf2
32. c3  Rg2  0-1

[Event "MCR mladeze, Kouty 2018 - D16"]
[Site "Kouty nad Desnou"]
[Date "2018.03.15"]
[Round "7"]
[White "Laurincova, Kristyna"]
[Black "Urbanova, Daniela"]
[Result "1-0"]
[WhiteElo "1825"]
[BlackElo "1668"]
[EventDate "2018.03.10"]

1. e4  d5  2. exd5  Nf6
3. Bb5+  Bd7  4. Be2
Nxd5  5. d4  g6
6. c4  Nb6  7. h3  Bg7
8. Nf3  O-O  9. Nc3
c5  10. dxc5  Bxc3+
11. bxc3  Na4  12. Bh6
Re8  13. Qd4  f6
14. Rd1  Qc8  15. h4
Qxc5  16. Qd2  Be6
17. h5  g5  18. Bxg5
fxg5  19. Nxg5  Qe5
20. f4  Qf6  21. Qc2
Qxc3+  22. Qxc3  Nxc3
23. Rd3  Bxc4  24. Rxc3
Bxe2  25. Kxe2  e5
26. f5  Nc6  27. Ke3
Nd4  28. g4  Rec8
29. Rhc1  Rc6  30. Rxc6
Nxc6  31. Ne6  Kf7
32. Ke4  h6  33. Rd1
Re8  34. a3  Re7
35. Rd5  a6  36. Nd8+
Nxd8  37. Rxd8  1-0

[Event "MCR mladeze, Kouty 2018 - D16"]
[Site "Kouty nad Desnou"]
[Date "2018.03.15"]
[Round "7"]
[White "Koubova, Anna Marie"]
[Black "Gresova, Zuzana"]
[Result "1-0"]
[WhiteElo "1943"]
[BlackElo "1872"]
[EventDate "2018.03.10"]

1. d4  d5  2. c4  dxc4
3. Nf3  Nf6  4. e3
e6  5. Bxc4  c5
6. O-O  a6  7. a4  Nc6
8. Nc3  cxd4  9. exd4
Nd5  10. Bxd5  exd5
11. Qb3  Nb4  12. Re1+
Be6  13. Ng5  Qd7
14. a5  h6  15. Nxe6
fxe6  16. Na4  Rd8
17. Bd2  Nc6  18. Nb6
Qd6  19. Qf3  Be7
20. Bf4  Qb4  21. Bc7
Rf8  22. Qh5+  Rf7
23. Rxe6  Qxb2  24. Rf1
Nxd4  25. Rxe7+  Kxe7
26. Bxd8+  Kf8  27. Qxd5
Rf5  28. Qxb7  Kg8
29. Qxa6  Ne2+  30. Kh1
Rxf2  31. Qc4+  Kh8
32. Rd1  Nc3  33. Re1
Qd2  34. Re8+  Kh7
35. Qg8+  Kg6  36. Re6+
Kh5  37. g4+  Kxg4
38. Qxg7+  Kf3  39. Qg3# 1-0

[Event "MCR mladeze, Kouty 2018 - D16"]
[Site "Kouty nad Desnou"]
[Date "2018.03.15"]
[Round "7"]
[White "Nemcova, Karin"]
[Black "Richterova, Julie"]
[Result "1-0"]
[WhiteElo "1997"]
[BlackElo "1877"]
[EventDate "2018.03.10"]

1. e4  c6  2. d4  d5
3. Nd2  dxe4  4. Nxe4
Bf5  5. Ng3  Bg6
6. h4  h6  7. Nf3
Nd7  8. h5  Bh7
9. Bd3  Bxd3  10. Qxd3  e6
11. Bd2  Be7  12. Ne4
Ngf6  13. O-O-O  Nxe4
14. Qxe4  Nf6  15. Qe2
Qd5  16. c4  Qe4
17. Be3  O-O  18. Ne5
Rfd8  19. f3  Qh7
20. g4  Nd7  21. Nxd7
Rxd7  22. Qg2  Rad8
23. f4  c5  24. g5
Kh8  25. g6  Qg8
26. dxc5  Rxd1+  27. Rxd1
Rxd1+  28. Kxd1  Qd8+
29. Kc2  fxg6  30. hxg6
Qc8  31. Qe4  Qd7
32. b3  Bf6  33. Qd3
Qc6  34. f5  Qg2+
35. Bd2  Qc6  36. fxe6
Qxe6  37. Qd5  Qe8
38. Qf5  Qc6  39. Qf4
Qe8  40. Qg4  Qc6
41. Qf5  a6  42. Be3
Qg2+  43. Kd3  Qc6
44. Bd4  Kg8  45. Qf4
Qe8  46. Qf5  Bg5
47. Be5  Qd8+  48. Bd6
Qe8  49. Qe4  Qd7
50. Kc2  Qc8  51. Qd5+
Kh8  52. Qf7  Bf6
53. Qf8+  Qxf8  54. Bxf8
Kg8  55. Bd6  1-0

[Event "MCR mladeze, Kouty 2018 - D16"]
[Site "Kouty nad Desnou"]
[Date "2018.03.15"]
[Round "7"]
[White "Bartosova, Hana"]
[Black "Vilimova, Julie"]
[Result "0-1"]
[WhiteElo "1627"]
[BlackElo "1751"]
[EventDate "2018.03.10"]

1. d4  Nf6  2. g3  g6
3. Bg2  Bg7  4. e4
d6  5. Ne2  c6
6. O-O  Qc7  7. Nbc3  O-O
8. h3  e5  9. Be3
Nbd7  10. a4  Nh5
11. g4  f5  12. gxh5
f4  13. hxg6  hxg6
14. Qd3  fxe3  15. Qxe3
Qb6  16. a5  exd4
17. axb6  dxe3  18. bxa7
exf2+  19. Rxf2  Rxf2
20. Kxf2  Nb6  21. Rd1
Be5  22. Ra1  Be6
23. Kf3  Rf8+  24. Ke3
Nc4+  25. Kd3  Nxb2+
26. Kd2  Nc4+  27. Kc1
Ra8  28. h4  Bg4
0-1

[Event "MCR mladeze, Kouty 2018 - D16"]
[Site "Kouty nad Desnou"]
[Date "2018.03.15"]
[Round "7"]
[White "Rosenbaumova, Lea"]
[Black "Markova, Kristyna"]
[Result "0-1"]
[WhiteElo "1692"]
[BlackElo "1633"]
[EventDate "2018.03.10"]

1. e4  e5  2. Bc4  Nf6
3. d3  Bc5  4. Nf3
Nc6  5. c3  d5
6. exd5  Nxd5  7. Qb3  O-O
8. Bxd5  Na5  9. Qc2
Qxd5  10. b4  Bf5
11. bxa5  Bxd3  12. Qb2
Rad8  13. Nbd2  e4
14. Nd4  e3  15. N2f3
Bxd4  16. Bxe3  Bxe3
17. fxe3  Rfe8  18. Kf2
Qxa5  19. Rhe1  Be4
20. Rad1  Bxf3  21. gxf3
Qe5  22. Kg2  Rxd1
23. Rxd1  Qxe3  24. Rd2
h6  25. Rf2  Re6
26. f4  Rg6+  27. Kf1
Qd3+  28. Re2  Qf3+
29. Ke1  Rg1+  30. Kd2
Qxe2+  0-1

[Event "MCR mladeze, Kouty 2018 - D16"]
[Site "Kouty nad Desnou"]
[Date "2018.03.15"]
[Round "7"]
[White "Jankovska, Hana"]
[Black "Postranecka, Zuzana"]
[Result "0-1"]
[WhiteElo "1069"]
[BlackElo "1463"]
[EventDate "2018.03.10"]

1. e4  e5  2. Nc3  Nf6
3. f4  d5  4. exd5
Nxd5  5. Nf3  exf4
6. d4  Bb4  7. Bd2
Bxc3  8. Bxc3  Nxc3
9. bxc3  Bg4  10. h3
Qe7+  11. Qe2  Qxe2+
12. Bxe2  Bf5  13. Rb1
b6  14. Rb2  O-O
15. O-O  Nd7  16. Ng5
Bg6  17. Rxf4  Nf6
18. c4  h6  19. Nf3
Nh5  20. Rg4  Bf5
21. Rh4  Ng3  22. c3
g5  23. Rxh6  Bg6
24. Nxg5  Nf5  25. Rxg6+
fxg6  26. Ne6  Rf7
27. c5  Re7  28. Bc4
Kh7  29. Re2  Rae8
30. d5  Kh8  31. g4
Ng7  32. Nf4  Rxe2
33. Bxe2  Re4  34. Nxg6+
Kh7  35. Bd3  Re3
36. Nf4+  Kg8  37. d6
cxd6  38. c6  Ne8
39. Kf2  Re5  40. Bc4+
Kh7  41. Ne6  d5
42. Bd3+  Kg8  43. Bf5
Kf7  44. Kf3  Rxe6
45. Bxe6+  Kxe6  46. Kf4
Nd6  47. Kg5  Ne4+
48. Kg6  Nxc3  49. h4
d4  50. c7  Kd7
51. c8=Q+  Kxc8  52. h5  d3
53. h6  d2  54. h7
d1=Q  55. h8=Q+  Kb7
56. g5  Qd3+  57. Kh6
Nxa2  58. Qf6  Ka6
59. g6  Qh3+  60. Kg7
Nc3  61. Kf7  Nd5
62. Qd6  Qf5+  63. Kg7
Nf4  64. Qa3+  Qa5
0-1

[Event "MCR mladeze, Kouty 2018 - D16"]
[Site "Kouty nad Desnou"]
[Date "2018.03.15"]
[Round "7"]
[White "Otahalova, Nela"]
[Black "Otrubova, Kristyna"]
[Result "0-1"]
[WhiteElo "1214"]
[BlackElo "1781"]
[EventDate "2018.03.10"]

1. e4  c5  2. Nf3  e6
3. Nc3  Nc6  4. d4
cxd4  5. Nxd4  Qc7
6. Be2  a6  7. a4
Nf6  8. O-O  Bb4
9. Nxc6 bxc6 10. Na2  Bd6  11.
Qd3  Bxh2+  12. Kh1  Bd6
13. f4  Be7  14. e5
Nd5  15. Bd2  a5
16. b3  d6  17. c4
Nb6  18. exd6  Qxd6
19. Qxd6  Bxd6  20. Be3
Nd7  21. Bf3  Bb7
22. Rac1  Bc5  23. Bd2
O-O  24. Rfd1  Nf6
25. g3  Rfd8  26. Bc3
Bb6  27. Bxf6  gxf6
28. c5  Bc7  29. Nc3
e5  30. Ne4  f5
31. Nf6+  Kg7  32. Nh5+  Kg6
33. fxe5  Bxe5  34. Nf4+
Kf6  35. Rc2  Rxd1+
36. Bxd1  Rd8  37. Bf3
Rd4  38. Nh5+  Kg6
39. Rg2  Rd3  40. Nf4+
Bxf4  41. gxf4+  Kf6
42. Be2  Rxb3  43. Bd1
Rd3  44. Bh5  Bc8
45. Rc2  Be6  46. Be2
Bd5+  47. Kh2  Rd4
0-1

[Event "MCR mladeze, Kouty 2018 - D16"]
[Site "Kouty nad Desnou"]
[Date "2018.03.15"]
[Round "7"]
[White "Lorencova, Michaela"]
[Black "Beranova, Karin"]
[Result "0-1"]
[WhiteElo "1463"]
[BlackElo "1453"]
[EventDate "2018.03.10"]

1. e4  e5  2. Nf3  Nc6
3. Bc4  Bc5  4. c3
d6  5. d4  exd4
6. cxd4  Bb4+  7. Bd2  Bxd2+
8. Nbxd2  Bg4  9. Qb3
Nh6  10. Qxb7  Na5
11. Bb5+  Ke7  12. Qa6
c5  13. O-O  Bc8
0-1

[Event "MCR mladeze, Kouty 2018 - D16"]
[Site "Kouty nad Desnou"]
[Date "2018.03.15"]
[Round "7"]
[White "Janosova, Katerina Anna"]
[Black "Houdkova, Barbora"]
[Result "1-0"]
[WhiteElo "1295"]
[BlackElo "1173"]
[EventDate "2018.03.10"]

1. e4  e5  2. Nf3  Nc6
3. Bc4  Bc5  4. O-O
d6  5. h3  Be6
6. Bb3  Qf6  7. d3  h6 8. Nc3
Nge7  9. Be3  O-O-O
10. Nd5  Bxd5  11. exd5
Na5  12. c4  Nf5
13. Bxc5  dxc5  14. Re1
Rhe8  15. Ba4  Re7
16. Qd2  b6  17. b4
cxb4  18. Qxb4  c6
19. dxc6  Rxd3  20. Qb5
e4  21. Nh2  Nh4
22. Ng4  Qd4  23. Rad1
Nxc4  24. Rxd3  Qxd3
25. Rd1  Nd6  26. Qb2
Qc4  27. Bb3  Qxc6
28. Rc1  Qxc1+  29. Qxc1+
Kb7  30. Bd5+  Kb8
31. Qc6  1-0

[Event "MCR mladeze, Kouty 2018 - D16"]
[Site "Kouty nad Desnou"]
[Date "2018.03.15"]
[Round "7"]
[White "Vanharova, Lucie"]
[Black "Kalousova, Julie"]
[Result "1/2-1/2"]
[WhiteElo "1169"]
[BlackElo "1436"]
[EventDate "2018.03.10"]

1. e4  c5  2. Nc3  a6
3. Nf3  Nc6  4. d4
cxd4  5. Nxd4  e6
6. Nxc6  bxc6  7. Be3
d5  8. Qd2  Bb7
9. O-O-O  Ne7  10. g3  Ng6
11. f4  Be7  12. Bg2
O-O  13. a3  dxe4
14. Qxd8  Rfxd8  15. Bxe4
Nf8  16. h4  h5
17. Bf3  g6  18. Kb1  Nh7
19. Bb6  Rxd1+  20. Rxd1
Nf6  21. Na4  Nd5
1/2-1/2